000 00606nam a2200205Ia 4500
005 20260429111949.0
008 260429s9999||||xx |||||||||||||| ||und||
020 _a9781032520117
041 _aEnglish
082 _a809.94811
_bIND
100 _aIndra, C T
245 0 _aColonial authority and Tamil scholarship :
_ba study of he first English translations /
_cC T Indra
260 _aUnited States :
_bRoutledge,
_c2024.
300 _axix, 200 p.; pbk
650 _a Colonial authority
650 _a Tamil region
650 _aLiterary criticism
700 _a Jagannathan, Prema
942 _cTB
999 _c51651
_d51651